Minutový manažer v praxi

Salvato in:
Dettagli Bibliografici
Autore principale: Blanchard, Ken
Altri autori: Lorber, Robert, Collins, Štěpánka
Natura: Libro
Lingua:ceco
Pubblicazione: Praha DOBROVSKÝ 2018
Serie:Knihy OMEGA
Soggetti:
Tags: Aggiungi Tag
Nessun Tag, puoi essere il primo ad aggiungerne!!

MARC

LEADER 00000nam a2200000 4500
001 0258552
005 20240221120048.1
020 |a 978-80-7390-081-6 
041 0 |a cze 
044 |a CZ 
245 1 0 |a Minutový manažer v praxi  |c Ken Blanchard, Robert Lorber ; přeložila: Štěpánka Collins 
264 1 |a Praha  |b DOBROVSKÝ  |c 2018 
300 |a 101 s. 
490 1 |a Knihy OMEGA 
830 0 |a Knihy OMEGA 
610 2 0 |a manažéri 
610 2 0 |a lídri 
610 2 0 |a vedenie ľudí 
610 2 0 |a koučovanie 
610 2 0 |a výkony pracovné 
610 2 0 |a rast produktivity práce 
610 2 0 |a úspech pracovný 
610 2 0 |a teória a prax 
610 2 0 |a poradenstvo 
100 1 |a Blanchard, Ken 
700 1 |a Lorber, Robert 
700 1 |a Collins, Štěpánka